| 000 | 01837cam a2200229 4500 | ||
|---|---|---|---|
| 001 | ##L1354561 | ||
| 008 | 061027n2006 000 0 eng u | ||
| 035 | _a(Sirsi) u135456 | ||
| 041 | 0 | _aeng | |
| 100 | 1 | _aPeat, Chris | |
| 110 | 2 |
_aKing Sturge & Co. _91183 |
|
| 245 | 0 | 4 |
_aThe contribution of the retail sector to the economy, employment and regeneration _ba report prepared by King Sturge LLP in association with business in the community (the underserved retail markets project) |
| 260 | 3 |
_aLondon _bKing Sturge LLP _cSeptember 2006 |
|
| 505 | 1 | _aPurpose of the project -- Executive summary -- Nationwide interview survey -- Retailing and the economy - experian -- Case studies -- challenges and conclusions | |
| 520 | _aA report prepared by King Sturge LLP in association with business in the community. Provides insight into a nationwide study which looks at the contribution of the retail sector to the economy, employment and regeneration. It is different because it looks at the impact of retail on people who work or have worked in the sector. The purpose of the project was to inspire informed debate among both private and public sector parties of the importance of retail jobs to both the micro and macro economy. Includes the survey questions and a breakdown of the participants' responses. Concludes with a number of challenges to those engaged in retail, from the public and private sectors, to consider the potential for retail to be a key driver for regeneration programmes that have a real and sustained impact. | ||
| 590 | _aIKA 311006 | ||
| 651 | 4 |
_aUnited Kingdom _y |
|
| 690 | _aPROPERTY-COMMERCIAL PROPERTY-COMMERCIAL PROPERTY MARKET | ||
| 700 | 2 | _aMcIntosh, Angus | |
| 856 | 4 | 0 |
_uhttps://www.kingsturge.co.uk/research/ _zView the item free of charge at www.kingsturge.co.uk/research/ ... |
| 942 | _n0 | ||
| 999 |
_c106071 _d106071 |
||